Zapatero : il riformista che fa quello che dice /

Spremljeno u:
Bibliografski detalji
Glavni autor: Gutierrez Chavez, Jorge (Autor)
Format: Knjiga
Jezik:talijanski
Izdano: Roma : Editori riuniti, 2006
Serija:Primo piano
Teme:
Oznake: Dodaj oznaku
Bez oznaka, Budi prvi tko označuje ovaj zapis!

MARC

LEADER 00000nam a22000007i 4500
001 IT\ICCU\LO1\1045362
003 ItRI
005 20260115231907.0
008 060309s2006 it |||||| ||||| |||||c
020 |a 883595763X 
040 |b ita  |c importazione bologna sebina 
041 7 |a ita  |2 ISO-639-2 
100 1 |a Gutierrez Chavez, Jorge  |0 IT\ICCU\LO1V\313605  |4 aut 
245 1 0 |a Zapatero :  |b il riformista che fa quello che dice /  |c Jorge Gutiérrez Chavez. 
260 |a Roma :  |b Editori riuniti,  |c 2006 
300 |a 166 p. ;  |c 21 cm. 
650 7 |a Rodriguez Zapatero, José Luis  |x Interviste  |2 scbi 
650 7 |a Zapatero, Jose Luis Rodriguez  |2 scbi 
830 0 |a Primo piano  |0 IT\ICCU\LO1\0397194 
942 |2 ddc  |c BK  |n 0 
952 |0 0  |1 0  |4 0  |6 DOC_324_246000000000000_GUT  |7 0  |9 15642  |a BO  |b BO  |d 2026-01-15  |i 11223  |l 0  |o DOC 324.246 GUT  |p BO11223  |r 2026-01-15 23:19:07  |w 2026-01-15  |x [Sebina 5] [1 v.]  |y BK  |z 1 v. 
999 |c 13454  |d 13454